Skip to main content
Your cart is empty.
Your lists
Log in to create your own lists
Your cookies
العربية
English
العربية
Home
Search
Advanced search
Authority search
About
The noble scholar, jurist, historian
His Excellency Dr. Abdul Wahhab bin Ibrahim Abu Sulaiman, may Allah have mercy on him.
He was born in Umm Al-Qura in the year 1356 AH.
Library catalog
Title
Author
Subject
ISBN
ISSN
Series
Call number
Log in to your account
×
Login:
Password:
Home
MARC view: الرعيل العربي الأول :
Normal view
MARC view
ISBD view
الرعيل العربي الأول : (Record no. 7803)
[
view plain
]
MARC details
000 -LEADER
fixed length control field
01437cam a2200385 i 4500
003 - CONTROL NUMBER IDENTIFIER
control field
SA-RiAUC
005 - DATE AND TIME OF LATEST TRANSACTION
control field
20250511064435.0
008 - FIXED-LENGTH DATA ELEMENTS--GENERAL INFORMATION
fixed length control field
250507s1991 xxka g 001 0cara c
020 ## - INTERNATIONAL STANDARD BOOK NUMBER
International Standard Book Number
1869844572
020 ## - INTERNATIONAL STANDARD BOOK NUMBER
International Standard Book Number
2578698441
040 ## - CATALOGING SOURCE
Original cataloging agency
JO-MaAABU
Language of cataloging
ara
Transcribing agency
SA-RiAUC
Description conventions
rda
041 1# - LANGUAGE CODE
Language code of text/sound track or separate title
ara
Language code of original
eng
043 ## - GEOGRAPHIC AREA CODE
Geographic area code
a-sy---
082 04 - DEWEY DECIMAL CLASSIFICATION NUMBER
Classification number
923.2
Assigning agency
SA-RiAUC
090 ## - LOCALLY ASSIGNED LC-TYPE CALL NUMBER (OCLC); LOCAL CALL NUMBER (RLIN)
Classification number (OCLC) (R) ; Classification number, CALL (RLIN) (NR)
923.2
Local cutter number (OCLC) ; Book number/undivided call number, CALL (RLIN)
ق ا س
100 1# - MAIN ENTRY--PERSONAL NAME
Personal name
قاسمية، خيرية،
Dates associated with a name
1936-
Relator term
مؤلف.
240 14 - UNIFORM TITLE
Uniform title
The Vanguard.
Language of a work
Arabic
245 12 - TITLE STATEMENT
Title
الرعيل العربي الأول :
Remainder of title
حياة وأوراق نبيه وعادل العظمة /
Statement of responsibility, etc.
خيرية قاسمية.
250 ## - EDITION STATEMENT
Edition statement
الطبعة الأولى.
264 #1 - PRODUCTION, PUBLICATION, DISTRIBUTION, MANUFACTURE, AND COPYRIGHT NOTICE
Place of production, publication, distribution, manufacture
لندن :
Name of producer, publisher, distributor, manufacturer
رياض الريس للكتب والنشر،
Date of production, publication, distribution, manufacture, or copyright notice
1991
300 ## - PHYSICAL DESCRIPTION
Extent
553 صفحة :
Other physical details
إيضاحيات ؛
Dimensions
25 سم
336 ## - CONTENT TYPE
Content type term
نص
Content type code
txt
Source
rdacontent
Materials specified
كتاب
337 ## - MEDIA TYPE
Media type term
بدون وسيط
Media type code
n
Source
rdamedia
338 ## - CARRIER TYPE
Carrier type term
مجلد
Carrier type code
nc
Source
rdacarrier
500 ## - GENERAL NOTE
General note
كشاف : صفحة 545-553.
500 ## - GENERAL NOTE
General note
ملاحق : صفحة 155-544.
590 ## - LOCAL NOTE (RLIN)
Local note
خلفان.
600 17 - SUBJECT ADDED ENTRY--PERSONAL NAME
Personal name
العظمة، نبيه،
Dates associated with a name
1886-1972
Source of heading or term
aucnm
600 17 - SUBJECT ADDED ENTRY--PERSONAL NAME
Personal name
العظمة، عادل
Source of heading or term
aucnm
650 #7 - SUBJECT ADDED ENTRY--TOPICAL TERM
Topical term or geographic name entry element
السياسيون السوريون
Form subdivision
تراجم
Source of heading or term
aucsh
650 #7 - SUBJECT ADDED ENTRY--TOPICAL TERM
Topical term or geographic name entry element
السياسيون
Source of heading or term
aucsh
700 12 - ADDED ENTRY--PERSONAL NAME
Relationship information
ترجمة لـ :
Personal name
قاسمية، خيرية،
Dates associated with a name
1936-.
Title of a work
The Vanguard.
942 ## - ADDED ENTRY ELEMENTS (KOHA)
Source of classification or shelving scheme
Dewey Decimal Classification
Koha item type
Books
Suppress in OPAC
No
949 ## - LOCAL PROCESSING INFORMATION (OCLC)
a
SA-JeALM
d
250507
u
mohamedma123
n
1
Holdings
Withdrawn status
Lost status
Source of classification or shelving scheme
Damaged status
Not for loan
Home library
Current library
Date acquired
Total checkouts
Full call number
Barcode
Date last seen
Price effective from
Koha item type
Dewey Decimal Classification
DR AbdElwahab Library
DR AbdElwahab Library
05/11/2025
923.2 ق ا س
000013159
05/11/2025
05/11/2025
Books
Place hold
Print
Add to your cart
(remove)
Save record
BIBTEX
Dublin Core
MARCXML
MARC (non-Unicode/MARC-8)
MARC (Unicode/UTF-8)
MARC (Unicode/UTF-8, Standard)
MODS (XML)
RIS
ISBD
More searches
Search for this title in:
Other Libraries (WorldCat)
Other Databases (Google Scholar)
Online Stores (Bookfinder.com)
Open Library (openlibrary.org)
Exporting to Dublin Core...
×
Simple DC-RDF
OAI-DC
SRW-DC